00616nam a2200181Ia 4500008004100000082001500041100001800056245004000074250000800114260002900122300001200151500002400163650001500187942000700202952010400209952010400313999001700417230524s9999 xx 000 0 und d a658.4bSWA aA.K.P.C.Swain 2aA Text Book of Research Methodology a2ND aNEW DELHIbKalyanic2009 aXXI;784 aQuantity Number: 2 aManagement cBK 00104070aTATCLbTATCLcGENd2023-05-24l0o658.4 SWAp37550r2023-05-24w2023-05-24yBKzMBA305A 00104070aTATCLbTATCLcGENd2023-05-24l0o658.4 SWAp37551r2023-05-24w2023-05-24yBKzMBA305A c46697d46697